000 00855nam a22002412a 4500
001 23708
003 BD-RjUL
005 20211209000949.0
008 140311r19481947enkabc 001 0beng d
035 _a(BD-RjUL)23773
040 _aHarvard Univ. Library
_cIND
_dBD-RjUL
_beng
041 _aeng
082 _a920.7
_bMAD 1948
090 _aDA566.9.L8
_bL6
100 1 _aLloyd George, Richard Lloyd George,
_d1889-
_972998
245 1 0 _aDame Margaret :
_bthe life story of his mother /
_cby Viscount Gwynedd (now Earl Lloyd George of Dwyfor)
260 _aLondon :
_bG. Allen & Unwin,
_c1947 [Reprinted 1948].
300 _aviii, 239 p. :
_billus., ports., map ;
_c22 cm
500 _aIncludes index.
600 1 0 _aLloyd George, Margaret (Owen),
_cDame,
_dd. 1941
_973835
650 _aLloyd George, Margaret (Owen),
_973000
942 _2ddc
_cBK
999 _c23708
_d23708